Ham and cheese: (Record no. 7238)

MARC details
000 -LEADER
fixed length control field 01506nam a22002777a 4500
001 - CONTROL NUMBER
control field 7238
003 - CONTROL NUMBER IDENTIFIER
control field FISKH
005 - DATE AND TIME OF LATEST TRANSACTION
control field 20250703143245.0
008 - FIXED-LENGTH DATA ELEMENTS--GENERAL INFORMATION
fixed length control field 250703b cb ||||| |||| 00| 0 eng d
040 ## - CATALOGING SOURCE
Original cataloging agency FISKH
Language of cataloging eng
Transcribing agency FISKH
Modifying agency FISKH
050 ## - LIBRARY OF CONGRESS CALL NUMBER
Classification number PZ7
082 ## - DEWEY DECIMAL CLASSIFICATION NUMBER
Classification number 813
100 ## - MAIN ENTRY--PERSONAL NAME
Personal name Gaydos, Nora
245 ## - TITLE STATEMENT
Title Ham and cheese:
Remainder of title Read it, write it, draw it /
Statement of responsibility, etc. Written by Nora Gaydos ; Illustrated by Sholto Walker
260 ## - PUBLICATION, DISTRIBUTION, ETC.
Place of publication, distribution, etc. Norwalk :
Name of publisher, distributor, etc. Innovative Kids,
Date of publication, distribution, etc. 2009.
300 ## - PHYSICAL DESCRIPTION
Extent 32 pages :
Other physical details color illustrations ;
Dimensions 23 cm
490 ## - SERIES STATEMENT
Series statement Now i'm reading :
Volume/sequential designation Level 3
505 ## - FORMATTED CONTENTS NOTE
Formatted contents note H<br/>
520 ## - SUMMARY, ETC.
Summary, etc. This extension of the award-winning, best-selling series by acclaimed author, Nora Gaydos, engages kids in an entertaining, hands-on reading, writing, and drawing experience! Includes more than 20 stickers. Level 3 - The Reading section mixes mixed complex vowel words, advanced word skills, more complex sentences, challenging vocabulary. The Writing section teaches story retelling, continued spelling practice, practice writing words and sentences. The Drawing section allows the completion of illustrations to match a story, independent expression of text in illustrations.Ham and Cheese are the perfect farm animals, but what are they secretly cooking up when the farmer and his wife aren't looking?
521 8# - TARGET AUDIENCE NOTE
Target audience note 430<br/>
Source Lexile estimate<br/>
521 8# - TARGET AUDIENCE NOTE
Target audience note H<br/>
Source Raz-Plus<br/>
650 ## - SUBJECT ADDED ENTRY--TOPICAL TERM
Topical term or geographic name entry element Farm Animala
Form subdivision Cheese
700 ## - ADDED ENTRY--PERSONAL NAME
Personal name Walker, Sholto
Relator term illustrator
942 ## - ADDED ENTRY ELEMENTS (KOHA)
Source of classification or shelving scheme Dewey Decimal Classification
Koha item type Books
Suppress in OPAC No
Holdings
Withdrawn status Lost status Source of classification or shelving scheme Damaged status Not for loan Collection Home library Current library Shelving location Date acquired Total Checkouts Full call number Barcode Date last seen Copy number Price effective from Koha item type
    Dewey Decimal Classification     Non-Fiction Footprints International School Library Network Toul Kork Campus Footprints International School Library Network Toul Kork Campus TK Primary Library Room(4th Floor), Bookcase 1&2, Shelves 1-16, Dark Blue Books 07/03/2025   GAY 813 PZ7 FISTK01231 07/03/2025 1 07/03/2025 Books
    Dewey Decimal Classification     Non-Fiction Footprints International School Library Network Toul Tom Poung Campus Footprints International School Library Network Toul Tom Poung Campus TTP Primary Dark Blue Bookshelves 08/20/2025   GAY 813 PZ7 FIS02647 08/20/2025 2 08/20/2025 Books